| 000 | 00673nam a2200229 ar4500 | ||
|---|---|---|---|
| 001 | 1788 | ||
| 003 | OSt | ||
| 005 | 20240904062922.0 | ||
| 008 | 100222s xxua 00110|eng d | ||
| 020 |
_a9780137144396(pbk) : _cSR320.00 |
||
| 040 | _cn | ||
| 082 | 0 | 4 | _a658.4013 B464 2009 |
| 100 | 1 | _aBesterfield, Dale H. | |
| 245 | 1 | 0 |
_aQuality control / _cDale H. Besterfield. |
| 250 | _a8th ed. | ||
| 260 |
_aUpper Saddle River, NJ : _bPearson/Prentice Hall, _c2009. |
||
| 300 |
_aix, 540p. : _bill. ; _c23 cm. _e3CD. |
||
| 504 | _aIncludes bibl. references and index. | ||
| 650 | 4 | _aTotal quality management. | |
| 650 | 4 |
_aQuality control _xStandards. |
|
| 942 |
_2ddc _cBK-EN |
||
| 999 |
_c1786 _d1786 |
||